[Event "As CC-ch A"]
[Site "As"]
[Date "2018.01.25"]
[Round "3"]
[White "Bo, Martin"]
[Black "Furnes, Torstein"]
[Result "1-0"]
[WhiteElo "1664"]
[BlackElo "1765"]
[PlyCount "63"]
[EventDate "2018.01.11"]
[EventType "tourn"]
[EventRounds "9"]
[EventCountry "NOR"]
[SourceTitle "EXT 2024"]
[Source "ChessBase"]
[SourceDate "2023.10.10"]
[SourceVersion "1"]
[SourceVersionDate "2023.10.10"]
[SourceQuality "1"]

1. d4 d5 2. c4 e6 3. Nf3 Nf6 4. g3 Bb4+ 5. Bd2 Bxd2+ 6. Nbxd2 0-0 7. Bg2 Nbd7 8. 0-0 c5 9. cxd5 Nxd5 10. e4 N5f6 11. Re1 cxd4 12. e5 Nd5 13. Nxd4 Qb6 14. Nc4 Qb4 15. Rc1 N7b6 16. a3 Qe7 17. Nxb6 Nxb6 18. Nb5 Rd8 19. Nd6 Rb8 20. Qc2 f6 21. f4 fxe5 22. fxe5 Nd5 23. Nxc8 Rbxc8 24. Qxc8 Rxc8 25. Rxc8+ Kf7 26. Bxd5 exd5 27. e6+ Kg6 28. Rc3 h5 29. h4 Kf5 30. Rf3+ Kg4 31. Kg2 g5 32. Re5 1-0

[Event "Douglas IoM Minor op"]
[Site "Douglas"]
[Date "2017.09.30"]
[Round "6"]
[White "Birkisdottir, Freyja"]
[Black "Bo, Martin"]
[Result "1/2-1/2"]
[WhiteElo "1332"]
[BlackElo "1685"]
[PlyCount "61"]
[EventDate "2017.09.25"]
[EventType "swiss"]
[EventRounds "7"]
[EventCountry "IOM"]
[SourceTitle "EXT 2019"]
[Source "ChessBase"]
[SourceDate "2018.10.10"]
[SourceVersion "1"]
[SourceVersionDate "2018.10.10"]
[SourceQuality "1"]

1. e4 c5 2. Nf3 d6 3. d4 cxd4 4. Nxd4 Nf6 5. Nc3 g6 6. g3 Nc6 7. Bg2 Nxd4 8. Qxd4 Bg7 9. Qd3 0-0 10. 0-0 Be6 11. Be3 Ng4 12. Bd4 Ne5 13. Qd1 Qc8 14. Nd5 Re8 15. Ne3 Bh3 16. Bxh3 Qxh3 17. f4 Ng4 18. Nxg4 Bxd4+ 19. Qxd4 Qxg4 20. Qd1 Qe6 21. Qd5 Qxd5 22. exd5 Rac8 23. Rac1 Rc5 24. Rfd1 Rec8 25. c3 b5 26. Rd4 a5 27. Rcd1 a4 28. a3 Kg7 29. g4 Kf6 30. Re1 R8c7 31. Kg2 1/2-1/2

[Event "As Autumn"]
[Site "As"]
[Date "2017.09.07"]
[Round "2"]
[White "Bo, Martin"]
[Black "Simonsen, Steinar"]
[Result "1-0"]
[WhiteElo "1471"]
[BlackElo "1208"]
[PlyCount "71"]
[EventDate "2017.08.31"]
[EventType "swiss"]
[EventRounds "9"]
[EventCountry "NOR"]
[SourceTitle "EXT 2024"]
[Source "ChessBase"]
[SourceDate "2023.10.10"]
[SourceVersion "1"]
[SourceVersionDate "2023.10.10"]
[SourceQuality "1"]

1. d4 d5 2. c4 Nf6 3. cxd5 Nxd5 4. e4 Nb6 5. Nc3 e6 6. Nf3 Bb4 7. Bd3 Bxc3+ 8. bxc3 Nc6 9. e5 Nd5 10. Bd2 h6 11. 0-0 a6 12. a4 g5 13. h3 Nf4 14. Bxf4 gxf4 15. Nd2 Rg8 16. Ne4 Rg7 17. Qh5 Ke7 18. Qxh6 Qg8 19. Qh4+ Kf8 20. Qh6 Ke7 21. g3 fxg3 22. Qh4+ Kf8 23. fxg3 Rh7 24. Qf4 Rxh3 25. Ng5 Rh5 26. Nxf7 Rf5 27. Bxf5 exf5 28. Nh6 Qg6 29. Nxf5 Bxf5 30. Qxf5+ Kg7 31. Qxg6+ Kxg6 32. Rf6+ Kg5 33. Raf1 Ne7 34. Rf8 Rxf8 35. Rxf8 Nd5 36. e6 1-0

[Event "As CC-ch A"]
[Site "As"]
[Date "2017.03.09"]
[Round "7"]
[White "Lea, Per"]
[Black "Bo, Martin"]
[Result "0-1"]
[WhiteElo "1533"]
[BlackElo "1285"]
[PlyCount "36"]
[EventDate "2017.01.12"]
[EventType "tourn"]
[EventRounds "9"]
[EventCountry "NOR"]
[SourceTitle "EXT 2024"]
[Source "ChessBase"]
[SourceDate "2023.10.10"]
[SourceVersion "1"]
[SourceVersionDate "2023.10.10"]
[SourceQuality "1"]

1. e4 c5 2. Nf3 d6 3. d4 cxd4 4. Nxd4 Nf6 5. Nc3 g6 6. Be3 Bg7 7. f3 0-0 8. Qd2 Nc6 9. 0-0-0 d5 10. Nxc6 bxc6 11. exd5 Nxd5 12. Nxd5 cxd5 13. Qxd5 Qc7 14. Qxa8 Bf5 15. Qxf8+ Kxf8 16. Rd2 Qb8 17. c3 Bxc3 18. bxc3 Qb1# 0-1

[Event "As CC-ch A"]
[Site "As"]
[Date "2017.02.09"]
[Round "4"]
[White "Lund, Petter"]
[Black "Bo, Martin"]
[Result "1/2-1/2"]
[WhiteElo "1583"]
[BlackElo "1285"]
[PlyCount "54"]
[EventDate "2017.01.12"]
[EventType "tourn"]
[EventRounds "9"]
[EventCountry "NOR"]
[SourceTitle "EXT 2024"]
[Source "ChessBase"]
[SourceDate "2023.10.10"]
[SourceVersion "1"]
[SourceVersionDate "2023.10.10"]
[SourceQuality "1"]

1. e4 c5 2. Nf3 d6 3. d4 cxd4 4. Nxd4 Nf6 5. Nc3 g6 6. Bb5+ Bd7 7. Be3 Bxb5 8. Ndxb5 a6 9. Nd4 Bg7 10. f3 Nc6 11. Qd2 Ne5 12. Qe2 Rc8 13. Nd1 Nc4 14. c3 Nxe3 15. Nxe3 0-0 16. 0-0 Qc7 17. Kh1 Rfd8 18. Rfe1 d5 19. exd5 Nxd5 20. Nxd5 Rxd5 21. Qxe7 Qxe7 22. Rxe7 Bxd4 23. cxd4 Rxd4 24. Rxb7 Rd2 25. Re1 Rcc2 26. Rg1 Rxb2 27. Rxb2 Rxb2 1/2-1/2

[Event "Gibraltar Amateur op-A"]
[Site "Caleta"]
[Date "2017.01.26"]
[Round "4"]
[White "Jimenez Urquijo, Juan Manuel"]
[Black "Bo, Martin"]
[Result "0-1"]
[WhiteElo "1541"]
[BlackElo "1572"]
[PlyCount "68"]
[EventDate "2017.01.23"]
[EventType "swiss"]
[EventRounds "5"]
[EventCountry "GGB"]
[SourceTitle "CBM 176 Extra"]
[Source "ChessBase"]
[SourceDate "2017.03.02"]
[SourceVersion "1"]
[SourceVersionDate "2017.03.02"]
[SourceQuality "1"]

1. Nf3 Nf6 2. g3 g6 3. b3 Bg7 4. Bb2 0-0 5. Bg2 c5 6. c4 Nc6 7. 0-0 d6 8. d3 a6 9. Na3 Rb8 10. Nc2 b5 11. Ne3 bxc4 12. dxc4 a5 13. Nh4 Qc7 14. Qd2 Ne5 15. f4 Ned7 16. Nd5 Qd8 17. f5 a4 18. Bc3 axb3 19. axb3 Nxd5 20. Bxg7 Kxg7 21. Bxd5 Rxb3 22. Qc2 Rb8 23. Qc3+ Ne5 24. fxg6 hxg6 25. Nf3 Qc7 26. Nxe5 dxe5 27. Rf4 g5 28. Re4 f6 29. Re3 Bb7 30. Ra7 Qb6 31. Qa3 Bxd5 32. cxd5 Qd6 33. Rb3 Kf7 34. Qa2 Rfd8 0-1

[Event "As CC-ch A"]
[Site "As"]
[Date "2017.01.19"]
[Round "2"]
[White "Lange, Holger1111"]
[Black "Bo, Martin"]
[Result "1-0"]
[WhiteElo "1598"]
[BlackElo "1285"]
[PlyCount "61"]
[EventDate "2017.01.12"]
[EventType "tourn"]
[EventRounds "9"]
[EventCountry "NOR"]
[SourceTitle "EXT 2024"]
[Source "ChessBase"]
[SourceDate "2023.10.10"]
[SourceVersion "1"]
[SourceVersionDate "2023.10.10"]
[SourceQuality "1"]

1. d4 Nf6 2. c4 e6 3. Nf3 d5 4. Nc3 c6 5. Bg5 dxc4 6. a4 Nbd7 7. e4 h6 8. Bxf6 Nxf6 9. Bxc4 Bb4 10. Qd3 0-0 11. 0-0 c5 12. Na2 Ba5 13. dxc5 Qxd3 14. Bxd3 Bd7 15. b4 Bc7 16. Nc3 Rfd8 17. Rfd1 Rac8 18. Rac1 a5 19. b5 Bf4 20. Rc2 Rxc5 21. Nd5 exd5 22. Rxc5 dxe4 23. Bxe4 Nxe4 24. Rc4 Rc8 25. Rxe4 Rc1 26. Rxc1 Bxc1 27. Re7 Be6 28. Rxb7 Bb3 29. Ra7 Bxa4 30. Rxa5 Bb3 31. b6 1-0

[Event "As CC-ch A"]
[Site "As"]
[Date "2017.01.12"]
[Round "1"]
[White "Bo, Martin"]
[Black "Ruud, Kjetil"]
[Result "1-0"]
[WhiteElo "1285"]
[BlackElo "1527"]
[PlyCount "99"]
[EventDate "2017.01.12"]
[EventType "tourn"]
[EventRounds "9"]
[EventCountry "NOR"]
[SourceTitle "EXT 2024"]
[Source "ChessBase"]
[SourceDate "2023.10.10"]
[SourceVersion "1"]
[SourceVersionDate "2023.10.10"]
[SourceQuality "1"]

1. d4 f5 2. c4 e6 3. Nc3 Bb4 4. Bd2 Nf6 5. a3 Bxc3 6. Bxc3 b6 7. Nf3 d6 8. g3 Bb7 9. Bg2 Nbd7 10. 0-0 Qe7 11. b4 0-0 12. Qb3 c5 13. Rfd1 e5 14. bxc5 e4 15. cxd6 Qe8 16. Ne5 Qh5 17. Nxd7 Nxd7 18. e3 Nf6 19. Rac1 g5 20. c5+ Bd5 21. Qb5 Rfc8 22. Bb2 Rab8 23. c6 Bxc6 24. Qxf5 Bd7 25. Qxf6 Rf8 26. Qe5 Rf5 27. Qxe4 Rb5 28. Ba1 Bf5 29. Qe7 Re8 30. Qxa7 Bc2 31. d5 Qg6 32. Rxc2 Rf8 33. Qg7+ Qxg7 34. Bxg7 Kxg7 35. Rc7+ Kf6 36. d7 Rd8 37. Bh3 h5 38. Be6 Ra5 39. Rc8 Ra8 40. Rxd8 Rxd8 41. Rc1 Ke7 42. Rc8 h4 43. Rxd8 Kxd8 44. gxh4 gxh4 45. f4 h3 46. f5 b5 47. f6 b4 48. axb4 Kc7 49. f7 Kb6 50. d8Q+ 1-0

[Event "As Autumn"]
[Site "As"]
[Date "2016.12.08"]
[Round "9"]
[White "Sandvik, Sander"]
[Black "Bo, Martin"]
[Result "0-1"]
[WhiteElo "1127"]
[BlackElo "1191"]
[PlyCount "54"]
[EventDate "2016.09.01"]
[EventType "swiss"]
[EventRounds "9"]
[EventCountry "NOR"]
[SourceTitle "EXT 2024"]
[Source "ChessBase"]
[SourceDate "2023.10.10"]
[SourceVersion "1"]
[SourceVersionDate "2023.10.10"]
[SourceQuality "1"]

1. Nf3 Nf6 2. g3 d5 3. Bg2 Bf5 4. 0-0 c6 5. d3 Nbd7 6. Nbd2 e5 7. h3 Bd6 8. Nh4 Be6 9. e4 g6 10. Re1 Qc7 11. a4 a5 12. c3 Nc5 13. d4 Ncxe4 14. Nxe4 Nxe4 15. dxe5 Bc5 16. Bxe4 dxe4 17. Bf4 h6 18. Be3 Bxe3 19. Rxe3 g5 20. Ng2 Bd5 21. Qd4 0-0-0 22. Qa7 c5 23. Rc1 Kd7 24. e6+ Kxe6 25. Rce1 Ra8 26. Rxe4+ Bxe4 27. Rxe4+ Kf5 0-1

[Event "Novi Sad Serbian op"]
[Site "Novi Sad"]
[Date "2016.11.08"]
[Round "4"]
[White "Bo, Martin"]
[Black "Kozomora, Dragan"]
[Result "0-1"]
[WhiteElo "1512"]
[BlackElo "2076"]
[PlyCount "106"]
[EventDate "2016.11.06"]
[EventType "swiss"]
[EventRounds "9"]
[EventCountry "SRB"]
[SourceTitle "CBM 175 Extra"]
[Source "ChessBase"]
[SourceDate "2016.12.12"]
[SourceVersion "1"]
[SourceVersionDate "2016.12.12"]
[SourceQuality "1"]

1. d4 Nf6 2. c4 c5 3. d5 b5 4. cxb5 a6 5. bxa6 g6 6. Nc3 d6 7. e4 Bg7 8. h3 0-0 9. Bd3 Bxa6 10. Bxa6 Nxa6 11. Nge2 Qb6 12. 0-0 Qb4 13. Qc2 Rfb8 14. Rb1 Nc7 15. b3 Nb5 16. Nxb5 Qxb5 17. Nc3 Qa6 18. a4 Rb7 19. Nb5 Ne8 20. Bb2 Bxb2 21. Rxb2 Nc7 22. Na3 Rab8 23. Nc4 Rb4 24. Rfb1 Na8 25. Na3 Nc7 26. Nc4 Ra8 27. h4 Qc8 28. Qe2 Qf8 29. Qe3 Qg7 30. g3 Qf6 31. Qf4 Qd4 32. Qe3 Qg7 33. Qg5 Kf8 34. Qg4 h5 35. Qf4 Rab8 36. Na5 Nxd5 37. Qd2 Nc3 38. Re1 Nxe4 39. Qe2 d5 40. f3 Nxg3 41. Qxe7+ Kg8 42. Qe5 Nf5 43. Nc6 Rxb3 44. Rxb3 Rxb3 45. Qxd5 Ra3 46. Re8+ Kh7 47. Ne5 Rxa4 48. Qxc5 Rf4 49. Rf8 Nxh4 50. Kf2 Rf5 51. f4 Rxf4+ 52. Kg3 g5 53. Qc2+ Nf5+ 0-1

[Event "As Autumn"]
[Site "As"]
[Date "2016.10.13"]
[Round "5"]
[White "Bakken, Svein Erik"]
[Black "Bo, Martin"]
[Result "1/2-1/2"]
[WhiteElo "1347"]
[BlackElo "1191"]
[PlyCount "80"]
[EventDate "2016.09.01"]
[EventType "swiss"]
[EventRounds "9"]
[EventCountry "NOR"]
[SourceTitle "EXT 2024"]
[Source "ChessBase"]
[SourceDate "2023.10.10"]
[SourceVersion "1"]
[SourceVersionDate "2023.10.10"]
[SourceQuality "1"]

1. d4 Nf6 2. c4 e6 3. Nc3 Bb4 4. Nf3 0-0 5. Bg5 h6 6. Bh4 c5 7. dxc5 Na6 8. e3 Bxc3+ 9. bxc3 Nxc5 10. Be2 b6 11. 0-0 Bb7 12. Nd4 g5 13. Bg3 Nfe4 14. Rc1 Nxg3 15. hxg3 d5 16. cxd5 Bxd5 17. c4 Be4 18. Bf3 Qc7 19. Bxe4 Nxe4 20. Qc2 Nc5 21. Nb3 Rac8 22. Nxc5 Qxc5 23. Qb2 Qe7 24. Rfd1 Rc5 25. Rd4 Qf6 26. Rcd1 Rxc4 27. R1d2 Rxd4 28. Rxd4 Kg7 29. Qd2 Re8 30. Rd7 Re7 31. Rd8 Rc7 32. Qd6 Qa1+ 33. Kh2 Rc1 34. Qf8+ Kg6 35. g4 Rh1+ 36. Kg3 Qe5+ 37. Kf3 Qf6+ 38. Kg3 Qe5+ 39. Kf3 Qf6+ 40. Kg3 Qe5+ 1/2-1/2

[Event "Oslo op"]
[Site "Fornebu"]
[Date "2016.09.30"]
[Round "1"]
[White "Bo, Martin"]
[Black "Byrne, Alex"]
[Result "0-1"]
[WhiteElo "1432"]
[BlackElo "1955"]
[PlyCount "82"]
[EventDate "2016.09.30"]
[EventType "swiss"]
[EventRounds "9"]
[EventCountry "NOR"]
[SourceTitle "EXT 2018"]
[Source "ChessBase"]
[SourceDate "2017.10.13"]
[SourceVersion "1"]
[SourceVersionDate "2017.10.13"]
[SourceQuality "1"]

1. d4 e6 2. c4 f5 3. g3 Nf6 4. Bg2 Be7 5. Nc3 0-0 6. Nf3 Qe8 7. 0-0 Ne4 8. d5 Nxc3 9. bxc3 Bf6 10. Nd4 g6 11. e4 fxe4 12. Re1 e5 13. Rxe4 Qf7 14. Nf3 d6 15. Bh6 Bg7 16. Bxg7 Kxg7 17. Qe2 Bf5 18. Nxe5 dxe5 19. Rxe5 Qf6 20. Re7+ Rf7 21. Re8 Bd7 22. Re3 Na6 23. d6 c6 24. Rd1 Raf8 25. Rf3 Qe6 26. Re3 Qf5 27. Rf3 Qh5 28. Rxf7+ Rxf7 29. Qxh5 gxh5 30. h4 Be6 31. Bf3 Rd7 32. Bxh5 Bxc4 33. Bg4 Rd8 34. d7 Kf6 35. Re1 Nc7 36. a3 Be6 37. Bf3 Rxd7 38. Kg2 Bd5 39. Rb1 Bxf3+ 40. Kxf3 Nb5 41. c4 Nxa3 0-1

[Event "AS CC-ch B"]
[Site "As"]
[Date "2016.01.21"]
[Round "2"]
[White "Aalmo, Alexander"]
[Black "Bo, Martin"]
[Result "0-1"]
[WhiteElo "1209"]
[BlackElo "1118"]
[PlyCount "70"]
[EventDate "2016.01.14"]
[EventType "swiss"]
[EventRounds "9"]
[EventCountry "NOR"]
[SourceTitle "EXT 2024"]
[Source "ChessBase"]
[SourceDate "2023.10.10"]
[SourceVersion "1"]
[SourceVersionDate "2023.10.10"]
[SourceQuality "1"]

1. d4 d5 2. Nf3 Nf6 3. Bg5 Ne4 4. Bf4 c5 5. a3 Nc6 6. Nc3 cxd4 7. Nxe4 dxe4 8. Nxd4 Qxd4 9. c3 Qxd1+ 10. Rxd1 e5 11. Bg3 Bg4 12. f3 exf3 13. exf3 Be6 14. Bb5 f6 15. Bf2 a6 16. Ba4 b5 17. Bc2 Be7 18. Be4 Rc8 19. 0-0 Bb3 20. Rd2 0-0 21. Bb6 Bd8 22. Bc5 Re8 23. Bf5 Be6 24. Be4 Na5 25. Bf2 Bb3 26. Rd6 Nc4 27. Bd5+ Kf8 28. Rxa6 Nd2 29. Bxb3 Nxb3 30. Rd1 e4 31. Rad6 e3 32. Be1 Be7 33. R6d5 e2 34. Rb1 Bc5+ 35. Kh1 Rcd8 0-1

[Event "Follo CC-ch"]
[Site "Follo"]
[Date "2015.04.13"]
[Round "9"]
[White "Bo, Martin"]
[Black "Stensland, Martin"]
[Result "0-1"]
[WhiteElo "1174"]
[BlackElo "1174"]
[PlyCount "110"]
[EventDate "2015.01.15"]
[EventType "swiss"]
[EventRounds "9"]
[EventCountry "NOR"]
[SourceTitle "EXT 2017"]
[Source "ChessBase"]
[SourceDate "2016.10.25"]
[SourceVersion "1"]
[SourceVersionDate "2016.10.25"]
[SourceQuality "1"]

1. e4 e5 2. Nf3 Nc6 3. Bb5 Bd6 4. 0-0 Nf6 5. Re1 0-0 6. d3 h6 7. c3 a6 8. Bxc6 bxc6 9. Nbd2 Re8 10. Nf1 Bc5 11. h3 a5 12. Ng3 d6 13. d4 exd4 14. cxd4 Bb4 15. Re3 d5 16. e5 Nd7 17. a3 Bf8 18. Rc3 c5 19. Bf4 c4 20. b3 Nb6 21. bxc4 dxc4 22. Be3 Ba6 23. Nd2 Nd5 24. Rc2 Nxe3 25. fxe3 Qd5 26. Qf3 Qe6 27. Ne2 c5 28. Nf4 Qd7 29. Qd5 Qb5 30. Qxc4 Qd7 31. Qd5 Qf5 32. Qe4 Qd7 33. Nc4 Bb7 34. Qd3 cxd4 35. Nb6 Qd8 36. Nxa8 Bxa8 37. exd4 Qg5 38. Qb5 Rd8 39. Qxa5 Be4 40. Qxd8 Qxd8 41. Rd2 Qa5 42. Re2 Qa8 43. a4 Bf5 44. d5 Bc5+ 45. Kh2 Qb8 46. g3 Bd4 47. Rd1 Bxe5 48. Rde1 f6 49. g4 Bxf4+ 50. Kg2 Bd7 51. Kf3 Bg5 52. Ra1 Kh7 53. a5 Qb3+ 54. Ke4 Qc4+ 55. Kf3 Qc3+ 0-1

[Event "Follo CC-ch"]
[Site "Follo"]
[Date "2015.04.09"]
[Round "8"]
[White "Svebestad, Erlend"]
[Black "Bo, Martin"]
[Result "0-1"]
[WhiteElo "1360"]
[BlackElo "1174"]
[PlyCount "66"]
[EventDate "2015.01.15"]
[EventType "swiss"]
[EventRounds "9"]
[EventCountry "NOR"]
[SourceTitle "EXT 2017"]
[Source "ChessBase"]
[SourceDate "2016.10.25"]
[SourceVersion "1"]
[SourceVersionDate "2016.10.25"]
[SourceQuality "1"]

1. d4 Nf6 2. Nf3 g6 3. b3 Bg7 4. e3 0-0 5. Bb2 d5 6. Bd3 c5 7. 0-0 cxd4 8. exd4 Nc6 9. Nbd2 Nb4 10. Be2 Bf5 11. c3 Nd3 12. Bxd3 Bxd3 13. Re1 Ba6 14. Ne5 Nd7 15. Ndf3 f6 16. Nd3 Re8 17. Nb4 Qa5 18. Nxa6 Qxa6 19. Qd2 e5 20. dxe5 Nxe5 21. Nxe5 fxe5 22. Qxd5+ Kh8 23. c4 Rad8 24. Qe4 Qd6 25. f4 Qb6+ 26. Kh1 Qf2 27. Re2 Qc5 28. Bxe5 Bxe5 29. fxe5 Re6 30. Qxb7 Rxe5 31. Rxe5 Qxe5 32. Qxa7 Qxa1+ 33. Qg1 Rd1 0-1

[Event "Follo CC-ch"]
[Site "Follo"]
[Date "2015.02.19"]
[Round "3"]
[White "Ruud, Kjetil"]
[Black "Bo, Martin"]
[Result "1-0"]
[WhiteElo "1301"]
[BlackElo "1174"]
[PlyCount "113"]
[EventDate "2015.01.15"]
[EventType "swiss"]
[EventRounds "9"]
[EventCountry "NOR"]
[SourceTitle "EXT 2017"]
[Source "ChessBase"]
[SourceDate "2016.10.25"]
[SourceVersion "1"]
[SourceVersionDate "2016.10.25"]
[SourceQuality "1"]

1. e4 c6 2. f4 d5 3. e5 f6 4. d4 fxe5 5. Qh5+ g6 6. Qxe5 Nf6 7. Bd3 Nbd7 8. Qg5 Ne4 9. Bxe4 dxe4 10. Bd2 Bg7 11. Ne2 Qb6 12. Bc3 Nf6 13. h3 Nd5 14. Nd2 Nxc3 15. bxc3 Qb2 16. Rc1 Qxa2 17. Nxe4 Bf5 18. N2g3 Bxe4 19. Nxe4 Qe6 20. 0-0 Bxd4+ 21. cxd4 Qxe4 22. Rce1 Qxd4+ 23. Rf2 0-0-0 24. Rxe7 Rde8 25. g4 Rxe7 26. Qxe7 Qd7 27. Qb4 Re8 28. Rd2 Qe6 29. Qd4 Qe3+ 30. Qxe3 Rxe3 31. Kg2 Re7 32. Kf3 b5 33. f5 Rf7 34. Kf4 a5 35. Ke5 Rd7 36. Rf2 gxf5 37. gxf5 Kd8 38. f6 Rf7 39. Ke6 Ke8 40. Kd6 a4 41. Kxc6 a3 42. Kxb5 a2 43. Rf1 Rxf6 44. Ra1 Rf3 45. Rxa2 Rxh3 46. c4 Rc3 47. Ra8+ Kf7 48. Ra7+ Kg6 49. c5 Rb3+ 50. Kc4 Rb8 51. c6 Rc8 52. Kc5 Kf6 53. Rxh7 Ke6 54. Kb6 Kd6 55. Rh6+ Ke7 56. Kb7 Kd8 57. Rh8+ 1-0